000 00718nam a2200229Ia 4500
003 GCL
008 140319s9999 xx 000 0 ara d
020 _a9354500977
040 _aGCL /
_cGCL
082 0 4 _a332.645
_bم ا
100 1 _aمنير ابراهيم هندى
245 1 0 _aالاوراق المالية واسواق المال /
_cمنير ابراهيم هندى
260 _aالقاهرة :
_bمنشاة المعارف ،
_c2006
300 _a752 ص ؛
_c24 سم
650 0 4 _aالنقود
650 0 4 _aالاوراق المالية
650 0 4 _aالسندات
650 0 4 _aالبورصات
650 0 4 _aالاسهم
650 0 4 _aالاوراق المالية - جمع
942 _2ddc
_cBK
999 _c8293
_d8293